| 000 | 00997nas a2200337 4500 | ||
|---|---|---|---|
| 001 | BR0810421 | ||
| 003 | BR-BrBNA | ||
| 005 | 20231205113119.0 | ||
| 007 | ta | ||
| 008 | 230509b bl.|||p| |||| 00| 00por d | ||
| 040 |
_aBR-BrBNA _bpor _cBiblioteca Nacional de Agricultura |
||
| 041 | _a(Pt) | ||
| 072 | _aP01; E11; E50 | ||
| 100 | 1 | _aPereira, J.M.M. | |
| 100 | 1 | _aSantos, G.P. | |
| 245 | 1 | _aAspectos socioeconômicos do setor florestal brasileiro | |
| 650 | _aMEIO AMBIENTE | ||
| 650 | _aEUCALIPTO | ||
| 650 | _aDESENVOLVIMENTO SOCIAL | ||
| 650 | _aPLANTIO | ||
| 650 | _aSETOR FLORESTAL | ||
| 650 | _aMERCADO | ||
| 650 | _aCOMÉRCIO | ||
| 650 | _aPAPEL | ||
| 650 | _aCELULOSE | ||
| 650 | _aCARVÃO VEGETAL | ||
| 650 | _aÓLEO ESSENCIAL | ||
| 773 | 0 |
_tInforme Agropecuário - Empresa de Pesquisa Agropecuária de Minas Gerais (Brazil) _xISSN 0100-3364 _g(Jan-Feb 2008), v. 29(242) p. 7-14 _wBR0810421 |
|
| 909 |
_a202311 _bLúcia _c55 _dLúcia Elande |
||
| 942 |
_2AGRIS _n0 _cANA |
||
| 999 |
_c201921 _d201921 |
||